The birds of paradise

Guardat en:
Dades bibliogràfiques
Autor principal: Scott, Paul
Format: Llibre
Idioma:Undetermined
Publicat: Londres, Inglaterra The Companion Book Club 1962
Matèries:
Etiquetes: Afegir etiqueta
Sense etiquetes, Sigues el primer a etiquetar aquest registre!

MARC

LEADER 00000nam a2200000Ia 4500
008 170316s9999 xx 000 0 und d
040 |a cru BVZT 
090 |a 820 S-3b 
100 |a Scott, Paul 
245 4 |a The birds of paradise 
260 |a Londres, Inglaterra 
260 |b The Companion Book Club 
260 |c 1962 
300 |a 254 páginas 
650 |a LITERATURA INGLESA 
650 |a NOVELA 
999 |c 7086  |d 7086 
942 |c 15 D  |h 820 S-3b  |2 z